Statistiques concernant Chanson française: Qui chante ces paroles? (QCM)

Cliquez ici pour prendre le quiz!

Statistiques générales

  • Ce quiz a été pris 7 320 fois
  • Le résultat moyen est 11 sur 16

Statistiques - réponses

QuestionRéponse% Correct
Qui chante: "J'irai chercher ton cœur si tu l'emportes ailleurs"?Céline Dion
97%
Qui chante :"Il me dit des mots d'amour, des mots de tous les jours"?Édith Piaf
94%
Qui chante: "Des nuages noirs qui viennent du nord colorent la terre, les lacs, les rivières"?Michel Sardou
94%
Qui chante: "Moi j'ai des formes et des rondeurs, ça sert à réchauffer les cœurs"?Amel Bent
88%
Qui chante: "Et comme le ciel n'avait pas fière allure et que je ne guérissais pas"?Indochine
86%
Qui chante: "C'est là qu'on s'est connu, moi qui criais famine, et toi qui posais nue"?Charles Aznavour
82%
Qui chante: "Montre-toi comme tu es, ce soir est un jour de paix"?Soprano
82%
Qui chante: "C'est fou ce qu'un crépuscule de printemps rappelle le même crépuscule qu'y a dix ans"?Patrick Bruel
80%
Qui chante: "T'es toute seule au fond de l'espace, t'as personnes devant"?Francis Cabrel
68%
Qui chante: "Je n'ai pas peur de la route, faudrait voir, faut qu'on y goûte"?Noir Désir
55%
Qui chante: "Ils font la fête au mois de juillet en souvenir d'une révolution qui n'a jamais éliminé la misère et l'exploitation "?Renaud
55%
Qui chante: "Il me dit que je suis celle juste faite pour ses bras"?Patricia Kaas
54%
Qui chante: "Vers quel saint se vouer, qui peut prétendre nous bercer dans son ventre?"?Mylène Farmer
41%
Qui chante: "Même dans les discothèques, quand on veut faire la fête, il n'y a rien de plus simple, il suffit de danser"?Bézu
40%
Qui chante: "Bercée de tendre insouciance, je t'ai gardée dans mon cœur!"?Charles Trenet
40%
Qui chante: "Une fille aime un garçon dans une voiture volée"?Marc Lavoine
39%

Distribution des résultats

Percentile par nombre de réponses

% des personnes avec chaque résultat

Votre développement - résultats

Vous n’avez pas pris ce quiz